00871cam a22002411 45000010005000000030008000050050017000130080039000300350018000690350019000870400032001060410008001380820020001461000046001662450059002122600044002713000046003155000178003616500015005396500010005546500032005647400033005963299BD-RjUL20211208233716.0131218s1933 xx 000 0 eng a(BD-RjUL)3333 a(OCoLC)4981081 aDLCcOCldDLCdBD-RjULbeng aeng00a330.4bGRG 19331 aGregory, T. E.q(Theodor Emanuel),d1890-10aGold, unemployment and capitalism /cby T. E. Gregory. aLondon :bP.S. King & son, ltd.,c1933. axvi, 308 p. :btables (1 fold.) ;c22 cm. aEighteen addresses and papers (reprinted from various publications) grouped under headings: Gold; America; Central banking; International trade; Unemployment and capitalism. 0aEconomics. 0aGold. 0aEconomic historyy1918-19450 aUnemployment and capitalism.